Finančné hospodárenie obcí a VÚC v našich podmienkach bakalárska práca

Salvato in:
Dettagli Bibliografici
Autore principale: Gábrišová, Veronika
Ente Autore: Národohospodárska fakulta EU. Katedra financií
Altri autori: Bartalosová, Erika, 1986-
Natura: Libro
Lingua:slovacco
Pubblicazione: Bratislava 2016
Tags: Aggiungi Tag
Nessun Tag, puoi essere il primo ad aggiungerne!!

MARC

LEADER 00000nbm a2200000 4500
001 0219691
005 20161221094820.9
041 0 |a slo 
044 |a SK 
245 1 0 |a Finančné hospodárenie obcí a VÚC v našich podmienkach  |b bakalárska práca  |c Veronika Gábrišová ; školiteľ: Erika Bartalosová 
264 1 |a Bratislava  |c 2016 
300 |a 53 s. 
100 1 |a Gábrišová, Veronika 
700 1 |a Bartalosová, Erika, 1986- 
710 2 |a Národohospodárska fakulta EU. Katedra financií